Liminalidad social y negociación cultural: inmigrantes yucatecos en San Francisco, California /
Na minha lista:
| Autor principal: | |
|---|---|
| Outros Autores: | |
| Formato: | Texto |
| Tags: |
Adicionar Tag
Sem tags, seja o primeiro a adicionar uma tag!
|
MARC
| LEADER | 00000 a a2200000 04500 | ||
|---|---|---|---|
| 001 | 46285 | ||
| 003 | |||
| 040 | |||
| 100 | |a Cornejo-Portugal, Inés | ||
| 245 | |a Liminalidad social y negociación cultural: |b inmigrantes yucatecos en San Francisco, California / |c Inés Cornejo-Portugal, Patricia Fortuny-Loret de Mola | ||
| 700 | |a Fortuny-Loret de Mola, Patricia | ||
| 773 | |g volumen19, número58 ( , 2012), páginas 71-96 : tabla | ||
| 999 | |c 27190 |d 27190 | ||
